[Event "Cappelle Online Blitz op"]
[Site "Europe Echecs INT"]
[Date "2022.01.09"]
[Round "1"]
[White "Mallevaey, Armand"]
[Black "Terry, Renato"]
[Result "0-1"]
[WhiteElo "1742"]
[BlackElo "2504"]
[PlyCount "54"]
[EventDate "2022.01.09"]
[EventType "swiss (blitz)"]
[EventRounds "11"]
[EventCountry "FRA"]
[SourceTitle "EXT 2023"]
[Source "ChessBase"]
[SourceDate "2022.10.05"]
[SourceVersion "1"]
[SourceVersionDate "2022.10.05"]
[SourceQuality "1"]

1. e4 e6 2. d4 d5 3. exd5 exd5 4. Nf3 Nc6 5. Bb5 Bd6 6. c4 dxc4 7. d5 a6 8. Ba4 b5 9. dxc6 bxa4 10. Qxa4 Ne7 11. 0-0 0-0 12. Qxc4 Be6 13. Qc2 Bf5 14. Qd1 Nxc6 15. Nc3 Re8 16. Be3 Qf6 17. Bg5 Qg6 18. Qc1 Bg4 19. Nh4 Qh5 20. h3 Bd7 21. Nf3 Bxh3 22. Nd5 Bxg2 23. Kxg2 Qg4+ 24. Kh1 Qxf3+ 25. Kg1 Qg4+ 26. Kh1 Qh3+ 27. Kg1 Qh2# 0-1

[Event "Cappelle Online Rapid op"]
[Site "Europe Echecs INT"]
[Date "2021.03.06"]
[Round "3"]
[White "Mallevaey, Armand"]
[Black "Bassing, Cassandre"]
[Result "1-0"]
[WhiteElo "1692"]
[BlackElo "1191"]
[PlyCount "81"]
[EventDate "2021.03.06"]
[EventType "swiss (rapid)"]
[EventRounds "9"]
[EventCountry "FRA"]
[SourceTitle "CBM 201 Extra"]
[Source "ChessBase"]
[SourceDate "2021.05.31"]
[SourceVersion "1"]
[SourceVersionDate "2021.05.31"]
[SourceQuality "1"]

1. e4 e5 2. Nf3 Nc6 3. Bb5 a6 4. Bxc6 dxc6 5. 0-0 Bd6 6. d4 f6 7. Re1 Bg4 8. h3 Bh5 9. dxe5 Bxf3 10. Qxf3 Bxe5 11. c3 Ne7 12. Qh5+ Ng6 13. f4 Bxf4 14. Bxf4 0-0 15. Bh2 Qe7 16. Nd2 Rad8 17. Nb3 c5 18. Qe2 b6 19. Qxa6 Ra8 20. Qc4+ Kh8 21. a3 c6 22. Rad1 Rfe8 23. Qf1 b5 24. Qf5 Ra7 25. Qxc5 Qb7 26. Qe3 Qf7 27. Nd4 Nh4 28. Bg3 Ng6 29. Nxc6 Ra6 30. Nb4 Rae6 31. Rd4 f5 32. Rf1 Rxe4 33. Rxe4 Rxe4 34. Qxe4 Qa7+ 35. Qd4 Qxd4+ 36. cxd4 h6 37. Rxf5 Kh7 38. Rxb5 Ne7 39. d5 Nc8 40. d6 Nxd6 41. Bxd6 1-0

[Event "Ville d'Orsay online Blitz"]
[Site "Europe Echecs INT"]
[Date "2021.02.07"]
[Round "11"]
[White "Ermeni, Avni"]
[Black "Mallevaey, Armand"]
[Result "0-1"]
[WhiteElo "2150"]
[BlackElo "1692"]
[PlyCount "86"]
[EventDate "2021.02.07"]
[EventType "swiss (blitz)"]
[EventRounds "11"]
[EventCountry "FRA"]
[SourceTitle "CBM 200 Extra"]
[Source "ChessBase"]
[SourceDate "2021.03.31"]
[SourceVersion "1"]
[SourceVersionDate "2021.03.31"]
[SourceQuality "1"]

1. e4 c5 2. Nc3 e6 3. f4 a6 4. g3 Nc6 5. Bg2 b5 6. Nge2 Bb7 7. d3 d6 8. 0-0 Be7 9. Be3 h5 10. d4 cxd4 11. Nxd4 Rc8 12. a3 h4 13. g4 h3 14. Bf3 Nxd4 15. Bxd4 Nf6 16. g5 Nd7 17. Bxg7 Rh4 18. Qd2 e5 19. fxe5 dxe5 20. Bh6 Nf8 21. Nd5 Ne6 22. Rad1 Bxg5 23. Bxg5 Qxg5+ 24. Kh1 Qxd2 25. Rxd2 Nd4 26. c3 Nxf3 27. Rxf3 Rxe4 28. Kg1 Bxd5 29. Rxd5 Ke7 30. Rxh3 Rg8+ 31. Rg3 Rh8 32. Rd2 Re1+ 33. Kg2 e4 34. Kf2 Rh1 35. Ke3 R8xh2 36. Rxh2 Rxh2 37. b4 f5 38. Kf4 Kf6 39. Rg8 Rh4+ 40. Ke3 Rh3+ 41. Kd4 Rd3+ 42. Kc5 Rxc3+ 43. Kb6 Rxa3 0-1

[Event "Ville d'Orsay online Blitz"]
[Site "Europe Echecs INT"]
[Date "2021.02.07"]
[Round "6"]
[White "Mallevaey, Armand"]
[Black "Zienkiewicz, Jan"]
[Result "0-1"]
[WhiteElo "1692"]
[BlackElo "1882"]
[PlyCount "116"]
[EventDate "2021.02.07"]
[EventType "swiss (blitz)"]
[EventRounds "11"]
[EventCountry "FRA"]
[SourceTitle "CBM 200 Extra"]
[Source "ChessBase"]
[SourceDate "2021.03.31"]
[SourceVersion "1"]
[SourceVersionDate "2021.03.31"]
[SourceQuality "1"]

1. e4 Nf6 2. Nc3 d5 3. exd5 Nxd5 4. Nxd5 Qxd5 5. Nf3 g6 6. c3 Bg7 7. d4 0-0 8. Bd3 Bg4 9. h3 Bf5 10. Bxf5 Qxf5 11. 0-0 Nc6 12. Re1 Rad8 13. Be3 Na5 14. b3 b6 15. Qc1 h5 16. Bg5 f6 17. Bf4 Rd7 18. Nh4 Qd3 19. Re3 Qb5 20. Nxg6 Nc6 21. Nxf8 Kxf8 22. Bg3 Qa5 23. b4 Qb5 24. a4 Qc4 25. Qd1 Qd5 26. Qf3 Qxf3 27. Rxf3 Kf7 28. Rd1 e6 29. Re3 e5 30. d5 Ne7 31. f4 Nf5 32. Rf3 e4 33. Rff1 Nxg3 34. Rfe1 h4 35. c4 Bf8 36. b5 Bc5+ 37. Kh2 Bd6 38. Ra1 Bxf4 39. Kg1 Bd2 40. Red1 e3 41. Ra2 e2 42. Raxd2 exd1Q+ 43. Rxd1 f5 44. Kf2 Re7 45. Kf3 Kf6 46. Rd4 Re4 47. Rd2 Rxc4 48. Ra2 Rd4 49. d6 Rxd6 50. Rc2 Rd3+ 51. Kf2 Ke5 52. Rxc7 Kf4 53. Rc4+ Ne4+ 54. Kf1 Ke3 55. Rc1 Ra3 56. Re1+ Kf4 57. Rb1 Nd2+ 58. Ke2 Nxb1 0-1

[Event "C'Chartres Blitz op"]
[Site "Europe Echecs INT"]
[Date "2020.11.28"]
[Round "1"]
[White "Mallevaey, Armand"]
[Black "Aleksandrov, Aleksej"]
[Result "0-1"]
[WhiteElo "1782"]
[BlackElo "2574"]
[PlyCount "82"]
[EventDate "2020.11.28"]
[EventType "swiss (blitz)"]
[EventRounds "11"]
[EventCountry "FRA"]
[SourceTitle "CBM 199 Extra"]
[Source "ChessBase"]
[SourceDate "2021.01.31"]
[SourceVersion "1"]
[SourceVersionDate "2021.01.31"]
[SourceQuality "1"]

1. e4 e5 2. Nf3 Nc6 3. Bb5 a6 4. Bxc6 dxc6 5. 0-0 Qf6 6. d4 exd4 7. Qxd4 Qxd4 8. Nxd4 Bd7 9. Nc3 0-0-0 10. Be3 Bb4 11. Nce2 Ne7 12. c3 Bd6 13. Ng3 Rhe8 14. f3 c5 15. Nb3 b6 16. Rad1 Nc6 17. Ne2 a5 18. g3 Ne5 19. Kf2 c4 20. Nbd4 Nd3+ 21. Kg2 Nxb2 22. Rd2 Nd3 23. Nc1 Nc5 24. Rfd1 h6 25. Nce2 Nd3 26. Nc1 Nc5 27. Nce2 a4 28. Rb1 a3 29. Rbd1 Nd3 30. Rc2 f5 31. Nc1 fxe4 32. fxe4 Nc5 33. Nce2 Rxe4 34. Bc1 Nd3 35. Bf4 Nxf4+ 36. Nxf4 Bxf4 37. gxf4 Rxf4 38. Rcd2 Re8 39. Ne2 Bc6+ 40. Kg1 Rg4+ 41. Ng3 h5 0-1

[Event "C'Chartres Blitz op"]
[Site "Europe Echecs INT"]
[Date "2020.11.28"]
[Round "11"]
[White "Mallevaey, Armand"]
[Black "Virot, Theo"]
[Result "1-0"]
[WhiteElo "1782"]
[BlackElo "1364"]
[PlyCount "145"]
[EventDate "2020.11.28"]
[EventType "swiss (blitz)"]
[EventRounds "11"]
[EventCountry "FRA"]
[SourceTitle "CBM 199 Extra"]
[Source "ChessBase"]
[SourceDate "2021.01.31"]
[SourceVersion "1"]
[SourceVersionDate "2021.01.31"]
[SourceQuality "1"]

1. e4 e5 2. Nf3 Nc6 3. Bb5 Bc5 4. Bxc6 dxc6 5. 0-0 Nf6 6. Nxe5 Qd4 7. Nd3 0-0 8. e5 Ne4 9. Re1 Nxf2 10. Nxf2 Qxf2+ 11. Kh1 Bg4 12. Rf1 Qh4 13. Qe1 Qxe1 14. Rxe1 Rfe8 15. c3 f6 16. d4 Bb6 17. Bf4 Rad8 18. Na3 g5 19. Bg3 fxe5 20. Rxe5 Rxe5 21. Bxe5 Kf7 22. Nc4 c5 23. Rf1+ Ke6 24. Rf6+ Kd5 25. Ne3+ Ke4 26. Nxg4 cxd4 27. Bxd4 Bxd4 28. cxd4 Rxd4 29. Nf2+ Ke5 30. Rf3 Rd2 31. Nd3+ Kd4 32. Nf2 Rxb2 33. h3 Rxa2 34. Rd3+ Ke5 35. Ng4+ Kf4 36. Rf3+ Ke4 37. Rf7 c5 38. Rxb7 c4 39. Rc7 Ra1+ 40. Kh2 Rc1 41. Nf6+ Kf5 42. Nxh7 c3 43. Nf8 a5 44. Rc5+ Kf4 45. Ne6+ Ke3 46. Nxg5 a4 47. Nf3 a3 48. Ra5 c2 49. Rxa3+ Ke2 50. Nd4+ Kf2 51. Rf3+ Ke1 52. Kg3 Rb1 53. Nxc2+ Kd2 54. Na3 Rb6 55. Nc4+ Ke2 56. Nxb6 Kd2 57. Kf4 Ke2 58. Ke4 Kd2 59. Nd7 Kc2 60. Kd4 Kb2 61. Kc4 Ka2 62. Kb4 Kb2 63. Rf2+ Kc1 64. g4 Kd1 65. Kc3 Ke1 66. Ra2 Kd1 67. g5 Ke1 68. Kd3 Kf1 69. Ke3 Kg1 70. Kf3 Kh1 71. Kg3 Kg1 72. Rf2 Kh1 73. Rf1# 1-0

[Event "Europe Echecs Blitz Nov op"]
[Site "Europe Echecs INT"]
[Date "2020.11.08"]
[Round "11"]
[White "Rode, Anthony"]
[Black "Mallevaey, Armand"]
[Result "1-0"]
[WhiteElo "2055"]
[BlackElo "1782"]
[PlyCount "55"]
[EventDate "2020.11.08"]
[EventType "swiss (blitz)"]
[EventRounds "11"]
[EventCountry "FRA"]
[SourceTitle "CBM 199 Extra"]
[Source "ChessBase"]
[SourceDate "2021.01.31"]
[SourceVersion "1"]
[SourceVersionDate "2021.01.31"]
[SourceQuality "1"]

1. e4 c5 2. Nf3 e6 3. c4 Nc6 4. Nc3 a6 5. d4 cxd4 6. Nxd4 Qc7 7. Be3 Nf6 8. Be2 Bb4 9. 0-0 Bxc3 10. bxc3 Nxe4 11. Bf3 Nf6 12. Nxc6 dxc6 13. Bc5 Bd7 14. Rb1 Qc8 15. Qd6 Qd8 16. Rxb7 Rc8 17. Rd1 a5 18. a4 h6 19. h4 g5 20. hxg5 hxg5 21. g3 Rg8 22. Bg2 Rh8 23. Rd3 g4 24. Re3 Rg8 25. Qd4 Rc7 26. Rxc7 Qxc7 27. Qxf6 Rg6 28. Qe7# 1-0